[Event "54th ch-RUS, Elista RUS"]
[Site "?"]
[Date "2001.??.??"]
[Round "7"]
[White "Balashov, Y."]
[Black "Iljushin, A."]
[Result "1/2-1/2"]
[WhiteElo "2580"]
[BlackElo "2535"]
[PlyCount "87"]
[EventDate "2001.??.??"]
[Source "www.chesslib.no"]
[SourceDate "2004.05.04"]

1. d4 f5 2. c4 e6 3. Nf3 Nf6 4. e3 c6 5. Bd3 d5 6. O-O Bd6 7. b3 Qe7 8. Bb2 O-O 9. Qc1 Bd7 10. Ba3 Be8 11. Bxd6 Qxd6 12. Qa3 Qxa3 13. Nxa3 Bh5 14. Ng5 Re8 15. f3 Nbd7 16. Nh3 Bf7 17. Rfe1 a6 18. Rac1 Rac8 19. cxd5 cxd5 20. Be2 Kf8 21. Nf4 Ke7 22. Nd3 Kd6 23. b4 Rxc1 24. Rxc1 Rb8 25. Nc5 Nxc5 26. bxc5+ Kc7 27. Nc2 Be8 28. Nb4 a5 29. Nd3 Bc6 30. Nf4 Re8 31. Kf2 Nd7 32. Bf1 Re7 33. h4 g6 34. Rc3 Re8 35. Ra3 e5 36. Nd3 b6 37. cxb6+ Kxb6 38. Nxe5 Nxe5 39. Rb3+ Kc7 40. dxe5 Rxe5 41. Kg3 a4 42. Rc3 Kd6 43. Kf4 Re8 44. Bd3 1/2-1/2

[Event "Nikolaev zt"]
[Site "Nikolaev"]
[Date "1993.??.??"]
[Round "?"]
[White "Maksimenko, Andrei"]
[Black "Moskalenko, Viktor"]
[Result "1-0"]
[WhiteElo "2435"]
[BlackElo "2555"]
[PlyCount "81"]
[EventDate "1993.03.??"]
[Source "ChessBase"]

1. d4 f5 2. c4 e6 3. Nc3 Bb4 4. Qb3 a5 5. e3 Nf6 6. Bd3 Nc6 7. Nge2 b6 8. O-O O-O 9. a3 Bxc3 10. Nxc3 d6 11. Qc2 Qd7 12. Bd2 Bb7 13. Rad1 Ne7 14. b3 Rae8 15. Bc1 Ng6 16. f3 Qf7 17. Rde1 Qd7 18. h3 Nh5 19. Rf2 Qf7 20. e4 Ngf4 21. exf5 exf5 22. Rxe8 Qxe8 23. Bxf4 Nxf4 24. Bxf5 Qe3 25. d5 Qe1+ 26. Kh2 Qe5 27. Bxh7+ Kh8 28. g3 g6 29. Ne2 Nxh3 30. Kxh3 Bc8+ 31. Kg2 Kxh7 32. Nf4 Bf5 33. Qd2 Qf6 34. g4 Bd7 35. Nh3 Kg7 36. Ng5 Re8 37. Ne4 Qa1 38. Rf1 Qe5 39. Rh1 g5 40. Rh5 Rh8 41. Rxg5+ 1-0

[Event "XI Open"]
[Site "Malaga ESP"]
[Date "2008.02.28"]
[Round "7"]
[White "Almeida Quintana, O."]
[Black "Karlsson, L."]
[Result "1-0"]
[WhiteElo "2500"]
[BlackElo "2488"]
[PlyCount "114"]
[EventDate "2008.02.23"]
[Source "www.chesslib.no"]
[SourceDate "2004.05.04"]

1. d4 f5 2. c4 e6 3. Nc3 Bb4 4. e3 Nf6 5. Nge2 O-O 6. g3 d6 7. Bg2 e5 8. dxe5 dxe5 9. Qb3 a5 10. a3 Bxc3+ 11. Qxc3 Qe7 12. b3 Ne4 13. Qc2 Nc5 14. O-O e4 15. Nf4 a4 16. b4 Nb3 17. Rb1 Nxc1 18. Nd5 Qf7 19. Rbxc1 Nc6 20. f3 exf3 21. Bxf3 Ne5 22. Bg2 g6 23. e4 Qg7 24. Qc3 Be6 25. Ne7+ Qxe7 26. Qxe5 f4 27. gxf4 Rae8 28. c5 Bb3 29. Qc3 c6 30. Rce1 Qg7 31. e5 Rd8 32. Rf2 Kh8 33. Rd2 Rde8 34. Qg3 Be6 35. h4 Qf7 36. Rd4 Bf5 37. Bf1 Be6 38. Bg2 Bf5 39. Kh2 Qa2 40. Qe3 Qf7 41. Rd6 Be6 42. Rf1 Re7 43. Rf2 Qg7 44. Qg3 Bf5 45. Rfd2 Be6 46. R2d4 Bf5 47. Bf3 Qf7 48. Qg5 Be6 49. Rd8 Ree8 50. Rxe8 Rxe8 51. h5 Bd5 52. hxg6 hxg6 53. Bxd5 cxd5 54. Rd3 Kg8 55. Rg3 Re6 56. b5 d4 57. Qd8+ Kg7 1-0

[Event "RUS-ch (Women)"]
[Site "Elista"]
[Date "1998.04.21"]
[Round "1.4"]
[White "Shumiakina, Tatiana"]
[Black "Strutinskaya, Galina N"]
[Result "1/2-1/2"]
[WhiteElo "2400"]
[BlackElo "2290"]
[PlyCount "25"]
[EventDate "1998.04.20"]
[Source "ChessBase"]
[SourceDate "1998.07.07"]

1. d4 f5 2. c4 e6 3. Nc3 d5 4. Qc2 Bb4 5. e3 b6 6. Bd3 Bb7 7. f3 Nf6 8. Nge2 Nc6 9. O-O Bxc3 10. Qxc3 O-O 11. b3 Qe7 12. Bb2 Rae8 13. Rad1 1/2-1/2

[Event "It"]
[Site "?"]
[Date "2005.12.11"]
[Round "5"]
[White "Anapolsky Sergey"]
[Black "Martemianov Iaroslav"]
[Result "1-0"]
[WhiteElo "2429"]
[BlackElo "2254"]
[PlyCount "39"]
[EventDate "2005.??.??"]
[Source "www.chesslib.no"]
[SourceDate "2004.05.04"]

1. d4 f5 2. c4 e6 3. g3 d5 4. Bg2 c6 5. Qc2 Nf6 6. Nh3 Bd6 7. O-O O-O 8. Bf4 b6 9. Nd2 Ne4 10. Nxe4 fxe4 11. f3 exf3 12. Rxf3 Bxf4 13. Nxf4 Qe7 14. cxd5 Qd6 15. dxe6 Qxd4+ 16. Kh1 Re8 17. Qb3 Qd6 18. e7+ Kh8 19. Qf7 Bd7 20. Qf8+ 1-0

[Event "Marshall NY Int"]
[Site "New York USA"]
[Date "2008.06.22"]
[Round "4"]
[White "Almeida Saenz, A."]
[Black "Medina, Ro"]
[Result "1-0"]
[WhiteElo "2424"]
[BlackElo "2233"]
[PlyCount "68"]
[EventDate "2008.06.21"]
[Source "www.chesslib.no"]
[SourceDate "2004.05.04"]

1. d4 f5 2. c4 e6 3. Nc3 Bb4 4. g3 Bxc3+ 5. bxc3 Nf6 6. Bg2 O-O 7. Nh3 d6 8. Ba3 Qe7 9. Nf4 g5 10. Nd3 Nbd7 11. Qc1 Ne8 12. Rb1 Rb8 13. c5 b6 14. c6 Ndf6 15. Qxg5+ Kh8 16. f3 Ba6 17. Qd2 Ng7 18. O-O Qe8 19. e4 Qxc6 20. Nb4 Qa4 21. Nxa6 Qxa6 22. Bb2 Qxa2 23. Ra1 Qc4 24. exf5 exf5 25. Rxa7 Rbe8 26. Rf2 f4 27. Bf1 Qc6 28. g4 Re3 29. g5 Nd7 30. d5 Qc5 31. c4 Ne5 32. Bd4 Nxc4 33. Qd1 Qb4 34. Bxg7+ Kxg7 1-0

[Event "Southern Californian-ch"]
[Site "Los Angeles"]
[Date "1999.07.17"]
[Round "5"]
[White "Ambarcumjan, Armen"]
[Black "Yee, Karl Y"]
[Result "1-0"]
[WhiteElo "2359"]
[BlackElo "2293"]
[PlyCount "55"]
[EventDate "1999.07.05"]
[Source "ChessBase"]
[SourceDate "1999.09.14"]

1. d4 f5 2. c4 e6 3. Nc3 Bb4 4. Qb3 a5 5. g3 Nf6 6. Bg2 O-O 7. Nf3 b6 8. Ne5 Ra7 9. O-O Bxc3 10. bxc3 Bb7 11. Bxb7 Rxb7 12. c5 Qc8 13. Rb1 b5 14. a4 b4 15. Bd2 Nc6 16. Nxc6 dxc6 17. cxb4 Qd7 18. Qd3 axb4 19. Rxb4 Rxb4 20. Bxb4 Qd5 21. Ra1 f4 22. Be1 g5 23. a5 g4 24. a6 Ne4 25. gxf4 Rxf4 26. a7 Ng5 27. a8=Q+ Rf8 28. e4 1-0

[Event "6. EICC"]
[Site "?"]
[Date "2005.06.23"]
[Round "6"]
[White "Lagowski Patryk"]
[Black "Bleis Christian"]
[Result "1-0"]
[WhiteElo "2393"]
[BlackElo "2258"]
[PlyCount "72"]
[EventDate "2005.??.??"]
[Source "www.chesslib.no"]
[SourceDate "2004.05.04"]

1. d4 f5 2. c4 e6 3. Nf3 Nf6 4. Qc2 Bb4+ 5. Bd2 Be7 6. Nc3 d5 7. Bf4 c6 8. e3 O-O 9. Bd3 Ne4 10. g4 Na6 11. a3 Nxc3 12. bxc3 dxc4 13. Bxc4 b5 14. Bd3 Qd5 15. e4 fxe4 16. Bxe4 Rxf4 17. Bxd5 exd5 18. Ne5 Re4+ 19. Kf1 Rxe5 20. dxe5 Bxg4 21. Rg1 Bh3+ 22. Ke2 Rf8 23. Qd3 Bf5 24. Qg3 Bg6 25. Qh3 Nc5 26. Rxg6 hxg6 27. Rg1 g5 28. f3 a5 29. Qg4 g6 30. h4 Rf5 31. h5 Kg7 32. hxg6 Kxg6 33. Rh1 Rxe5+ 34. Kd1 Bf6 35. Qh5+ Kf5 36. Qh7+ Kf4 1-0

[Event "4 Botvinnik Memorial (B)"]
[Site "Satka"]
[Date "2004.08.27"]
[Round "1"]
[White "Kleiman, Boris"]
[Black "Gumerov, Renant"]
[Result "0-1"]
[WhiteElo "2316"]
[BlackElo "2320"]
[PlyCount "106"]
[EventDate "2004.08.27"]
[Source "Roberto Alvarez"]
[SourceDate "2004.09.15"]

1. d4 f5 2. c4 e6 3. Nc3 d5 4. Nf3 c6 5. g3 Bd6 6. Bg2 Nd7 7. Qc2 Qf6 8. O-O h6 9. Re1 Ne7 10. b3 g5 11. Bb2 O-O 12. Rad1 Qf7 13. Na4 Ng6 14. Nc5 g4 15. Nxd7 Bxd7 16. Ne5 Qg7 17. Nxd7 Qxd7 18. f3 h5 19. f4 h4 20. e3 Kf7 21. Kf2 b5 22. Rc1 Rfc8 23. Qd2 Qe7 24. Rc2 bxc4 25. bxc4 Rcb8 26. Bc3 Rb7 27. Rb2 Rxb2 28. Qxb2 Rb8 29. Qc2 Qb7 30. Qa4 Ne7 31. c5 Bc7 32. Bf1 a5 33. Qc2 Ng8 34. Bd3 Qc8 35. Rb1 Nf6 36. Rxb8 Qxb8 37. Qb1 Qh8 38. Qg1 Bd8 39. Ke2 hxg3 40. hxg3 a4 41. Kd1 Be7 42. Kc2 Nd7 43. Bf1 Bf6 44. Bd2 Kg6 45. Bg2 Qa8 46. Qb1 Bd8 47. Bf1 Nf6 48. Bd3 Nh5 49. Be1 Bc7 50. Qb4 Nf6 51. Kb2 Qh8 52. Qxa4 Qh1 53. Qd1 Ba5 0-1

[Event "Polanica Zdroj Open"]
[Site "Polanica Zdroj POL"]
[Date "1994.??.??"]
[Round "?"]
[White "Kiselev, Gennady"]
[Black "Listowiecki, Tadeusz"]
[Result "1-0"]
[WhiteElo "2490"]
[BlackElo "2100"]
[PlyCount "33"]
[EventDate "1994.??.??"]
[Source "www.chesslib.no"]
[SourceDate "2004.05.04"]

1. d4 f5 2. c4 e6 3. Nf3 b6 4. g3 Bb4+ 5. Bd2 Qe7 6. Bg2 Bb7 7. O-O Bxd2 8. Qxd2 Nf6 9. d5 exd5 10. Nd4 g6 11. cxd5 Ne4 12. Bxe4 fxe4 13. Nb5 d6 14. Qc3 O-O 15. Qxc7 Rf7 16. Qxe7 Rxe7 17. N1c3 1-0

[Event "Tehran"]
[Site "?"]
[Date "1998.??.??"]
[Round "?"]
[White "Martin, Juan M"]
[Black "Kirov Nino"]
[Result "0-1"]
[WhiteElo "2085"]
[BlackElo "2500"]
[PlyCount "56"]
[EventDate "1998.??.??"]
[Source "www.chesslib.no"]
[SourceDate "2004.05.04"]

1. d4 f5 2. c4 e6 3. Nc3 Bb4 4. a3 Bxc3+ 5. bxc3 Nf6 6. e3 b6 7. Nf3 Ba6 8. Bd3 Nc6 9. O-O Na5 10. Qe2 Ne4 11. Bb2 O-O 12. Rad1 Qe7 13. Nd2 Nxd2 14. Rxd2 c5 15. e4 f4 16. e5 f3 17. Qe4 Qg5 18. g3 Qh6 19. h4 Nxc4 20. Rc2 d5 21. Qg4 Nxe5 22. dxe5 Bxd3 23. Rcc1 Bxf1 24. Rxf1 Qg6 25. Qxg6 hxg6 26. Bc1 Rf5 27. Bf4 Rxf4 28. gxf4 Rf8 0-1

[Event "Barcelona"]
[Site "?"]
[Date "2002.10.11"]
[Round "2"]
[White "Walter Travella German"]
[Black "De la Riva Jordi"]
[Result "0-1"]
[WhiteElo "2130"]
[BlackElo "2335"]
[PlyCount "104"]
[EventDate "2002.??.??"]
[Source "www.chesslib.no"]
[SourceDate "2004.05.04"]

1. d4 f5 2. c4 e6 3. Nc3 d5 4. Nf3 Nf6 5. Bg5 c6 6. e3 Be7 7. Nd2 Nbd7 8. cxd5 cxd5 9. Bb5 O-O 10. Bxd7 Bxd7 11. Bxf6 Rxf6 12. f4 Rh6 13. Qf3 Be8 14. Qf2 Bh5 15. g3 Qb6 16. Rb1 Qa6 17. Qf1 Qd6 18. h4 Rg6 19. Kf2 a6 20. Nf3 Bxf3 21. Kxf3 Rf6 22. Kg2 Rff8 23. Qf3 b5 24. Rhc1 Rac8 25. Nd1 Qb4 26. Qe2 Qa5 27. b3 Rc7 28. b4 Qb6 29. Rxc7 Qxc7 30. Rb3 Rc8 31. Rc3 Qb7 32. Qc2 Rc4 33. Nb2 Bxb4 34. Nxc4 dxc4+ 35. Kh2 Kf7 36. d5 Qd7 37. e4 Bxc3 38. exf5 exf5 39. Qxc3 Qxd5 40. Qa5 Qc6 41. a4 c3 42. axb5 axb5 43. Qa7+ Kg6 44. h5+ Kh6 45. Qe7 Qf6 46. Qe2 b4 47. Kh3 g6 48. Qc4 Kxh5 49. Qxb4 Qc6 50. Kh2 c2 51. Qe7 Kg4 52. Qxh7 c1=Q 0-1

[Event "NBC"]
[Site "?"]
[Date "2000.09.01"]
[Round "?"]
[White "Boer Reyer de (NED)"]
[Black "Brink Jan A. (NED)"]
[Result "1/2-1/2"]
[WhiteElo "2224"]
[BlackElo "2229"]
[PlyCount "36"]
[EventDate "2000.??.??"]
[Source "www.chesslib.no"]
[SourceDate "2004.05.04"]

1. d4 f5 2. c4 e6 3. Nf3 d5 4. e3 Nf6 5. Bd3 c6 6. O-O Bd6 7. b3 Qe7 8. a4 O-O 9. Ba3 Bd7 10. Qc1 Bxa3 11. Nxa3 Be8 12. Nc2 Ne4 13. Ne5 Nd7 14. Nxd7 Bxd7 15. c5 e5 16. b4 a6 17. dxe5 Qxe5 18. f3 Nf6 1/2-1/2

[Event "Open"]
[Site "Mosca RUS"]
[Date "2007.01.30"]
[Round "4"]
[White "Savina, A."]
[Black "Pletnev, E."]
[Result "1/2-1/2"]
[WhiteElo "2153"]
[BlackElo "2299"]
[PlyCount "105"]
[EventDate "2007.01.27"]
[Source "www.chesslib.no"]
[SourceDate "2004.05.04"]

1. d4 f5 2. c4 e6 3. Nf3 b6 4. g3 Bb7 5. Bg2 Nf6 6. O-O Be7 7. Nc3 O-O 8. b3 a6 9. Bb2 Ne4 10. Qc2 Nxc3 11. Bxc3 Be4 12. Qb2 d6 13. Rfd1 Qe8 14. Bf1 f4 15. Nd2 Bb7 16. d5 fxg3 17. fxg3 e5 18. Bh3 Bc8 19. Bxc8 Qxc8 20. Rf1 Qg4 21. Rxf8+ Bxf8 22. Qc2 Nd7 23. Qe4 Qh5 24. Qf3 Qg6 25. Ne4 Be7 26. Rf1 Rf8 27. Qd3 Rxf1+ 28. Kxf1 a5 29. Bd2 h5 30. h3 Nf8 31. a3 Nh7 32. b4 axb4 33. axb4 Qf5+ 34. Kg2 g6 35. Qf3 Kg7 36. g4 hxg4 37. hxg4 Qd7 38. Qh3 Kg8 39. g5 Qf5 40. Qxf5 gxf5 41. Ng3 f4 42. Ne4 Nxg5 43. Nxg5 Bxg5 44. Bc3 b5 45. cxb5 Bh4 46. Kf3 Kf7 47. b6 cxb6 48. b5 Kf6 49. Bb4 Ke7 50. Bc3 Kf7 51. Bd2 Kg6 52. Bb4 Be7 53. Kg4 1/2-1/2

[Event "Moscow women"]
[Site "Moscow RUS"]
[Date "1990.??.??"]
[Round "?"]
[White "Shumiakina, Tatiana"]
[Black "Konopleva, Natalia"]
[Result "1/2-1/2"]
[WhiteElo "2250"]
[BlackElo "2145"]
[PlyCount "65"]
[EventDate "1990.??.??"]
[Source "www.chesslib.no"]
[SourceDate "2004.05.04"]

1. d4 f5 2. c4 e6 3. Nf3 d5 4. Bf4 c6 5. e3 Nf6 6. Bd3 Bd6 7. Bxd6 Qxd6 8. O-O O-O 9. Ne5 Nbd7 10. c5 Qe7 11. Nxd7 Bxd7 12. f4 b6 13. cxb6 axb6 14. Nd2 c5 15. Nf3 c4 16. Bc2 b5 17. Ne5 Ra7 18. a3 Rfa8 19. Rb1 Be8 20. Qd2 Rb7 21. h3 b4 22. axb4 Qxb4 23. Qxb4 Rxb4 24. b3 cxb3 25. Rxb3 Rxb3 26. Bxb3 Ra3 27. Rb1 Kf8 28. g4 Ne4 29. Rb2 fxg4 30. hxg4 Ra1+ 31. Kg2 Re1 32. f5 exf5 33. gxf5 1/2-1/2

[Event "RUS-ch sf"]
[Site "?"]
[Date "2003.??.??"]
[Round "3"]
[White "Shkalov Oleg"]
[Black "Stepanov Igor"]
[Result "1/2-1/2"]
[WhiteElo "2263"]
[BlackElo "2097"]
[PlyCount "24"]
[EventDate "2003.??.??"]
[Source "www.chesslib.no"]
[SourceDate "2004.05.04"]

1. d4 f5 2. c4 e6 3. g3 Nf6 4. Nh3 c6 5. Nf4 d5 6. Nd2 Bd6 7. c5 Bc7 8. Nd3 Nbd7 9. Nf3 O-O 10. Bf4 Ne4 11. Qc1 Bxf4 12. gxf4 Qe8 1/2-1/2

[Event "Evry"]
[Site "?"]
[Date "2005.02.22"]
[Round "2"]
[White "Camus de Solliers Guillaume"]
[Black "Jonckheere Eric"]
[Result "1/2-1/2"]
[WhiteElo "2245"]
[BlackElo "2058"]
[PlyCount "93"]
[EventDate "2005.??.??"]
[Source "www.chesslib.no"]
[SourceDate "2004.05.04"]

1. d4 f5 2. c4 e6 3. Nc3 d5 4. e3 c6 5. Bd3 Nf6 6. Nge2 Bd6 7. f3 O-O 8. O-O b6 9. Qc2 Ba6 10. b3 Qc7 11. g3 Nbd7 12. cxd5 Bxd3 13. Qxd3 Nxd5 14. Bb2 Nxc3 15. Qxc3 e5 16. Rac1 Rac8 17. Rfd1 Rfe8 18. Kf2 Nf6 19. Qc4+ Kh8 20. dxe5 Bxe5 21. Bxe5 Qxe5 22. Qd4 c5 23. Qxe5 Rxe5 24. Rd3 Rce8 25. Rcd1 Kg8 26. h3 Kf7 27. g4 fxg4 28. hxg4 h5 29. gxh5 Nxh5 30. f4 R5e7 31. Nc3 Nf6 32. Kf3 Rh8 33. Rg1 g6 34. Rg2 Rh3+ 35. Rg3 Rxg3+ 36. Kxg3 Ne4+ 37. Nxe4 Rxe4 38. Kf3 Re7 39. e4 b5 40. Ke3 Ke6 41. Rd5 Rc7 42. Rg5 Kf7 43. Kd3 a6 44. Kc3 c4 45. Re5 cxb3+ 46. Kxb3 Rc4 47. a3 1/2-1/2

[Event "Slovakia"]
[Site "?"]
[Date "2001.??.??"]
[Round "6"]
[White "Dlhy Jozef"]
[Black "Moravcik Rastislav"]
[Result "1/2-1/2"]
[WhiteElo "2146"]
[BlackElo "2140"]
[PlyCount "38"]
[EventDate "2001.??.??"]
[Source "www.chesslib.no"]
[SourceDate "2004.05.04"]

1. d4 f5 2. c4 e6 3. Nf3 d5 4. Nc3 Nf6 5. g3 c6 6. Bg2 Bd6 7. O-O O-O 8. Bf4 Bxf4 9. gxf4 Ne4 10. Rc1 Nd7 11. e3 Qe8 12. Nxe4 fxe4 13. Ne5 Nf6 14. Kh1 Qh5 15. Qxh5 Nxh5 16. Rg1 Nf6 17. Bh3 Re8 18. Kg2 Re7 19. Kf1 Bd7 1/2-1/2

[Event "D.-Gd.Turn"]
[Site "Koszeg D.-Gd.Turn"]
[Date "1996.??.??"]
[Round "?"]
[White "Sauer, Rudolf"]
[Black "Vollbrecht"]
[Result "0-1"]
[WhiteElo "2130"]
[BlackElo "2135"]
[PlyCount "92"]
[EventDate "1996.??.??"]
[Source "www.chesslib.no"]
[SourceDate "2004.05.04"]

1. d4 f5 2. c4 e6 3. Nf3 c5 4. e3 Nf6 5. Nc3 b6 6. Bd3 Bb7 7. O-O Be7 8. a3 O-O 9. Re1 Ne4 10. Bc2 Nxc3 11. bxc3 Qc7 12. d5 e5 13. e4 f4 14. Bb2 d6 15. Nd2 Nd7 16. Qg4 Nf6 17. Qe2 h6 18. a4 a5 19. Nf3 g5 20. Nd2 Rf7 21. Rab1 g4 22. Ba3 Rg7 23. Rb5 f3 24. Qe3 fxg2 25. Reb1 Nd7 26. Qxh6 Bg5 27. Qe6+ Kh7 28. Bc1 Rf8 29. Qxg4 Ba6 30. Qh3+ Kg8 31. R5b2 Qd8 32. Nf3 Bxc1 33. Rxc1 Bxc4 34. Qh4 Qf6 35. Qxf6 Nxf6 36. h4 Nxd5 37. exd5 Rxf3 38. Rxb6 Bxd5 39. h5 Rh3 40. Rb8+ Kf7 41. Bg6+ Kf6 42. Rf8+ Kg5 43. f4+ Kh4 44. Kf2 Rh1 45. Rg1 Rb7 46. Bd3 Rb2+ 0-1

[Event "Budapest HUN"]
[Site "?"]
[Date "2006.03.11"]
[Round "8"]
[White "Havaskori Laszlo"]
[Black "Schulze Hubertus"]
[Result "0-1"]
[WhiteElo "2074"]
[BlackElo "2159"]
[PlyCount "130"]
[EventDate "2006.??.??"]
[Source "www.chesslib.no"]
[SourceDate "2004.05.04"]

1. d4 f5 2. c4 e6 3. Nf3 Nf6 4. g3 b6 5. Bg2 Bb7 6. O-O a5 7. b3 Be7 8. Bb2 O-O 9. Nc3 Qe8 10. d5 g6 11. Nb5 Bd8 12. dxe6 dxe6 13. Ba3 Rf7 14. Ne5 Bxg2 15. Kxg2 Rg7 16. f3 Nc6 17. Bb2 Nxe5 18. Bxe5 c6 19. Nd6 Qf8 20. Qc2 Rd7 21. Rad1 Bc7 22. Bxf6 Rxd6 23. Qc3 Re8 24. Be5 Rxd1 25. Rxd1 Rd8 26. Rd3 Rxd3 27. exd3 Bd8 28. a4 Kf7 29. Qd4 Ke8 30. f4 Qb4 31. Qc3 Be7 32. Kf3 Qxc3 33. Bxc3 Kd7 34. h3 Bc5 35. g4 Bg1 36. d4 c5 37. dxc5 Bxc5 38. Be5 Kc6 39. gxf5 exf5 40. Bc3 Bg1 41. Ke2 Kc5 42. Kd3 Bf2 43. Bf6 Kb4 44. Kc2 Kc5 45. Kd3 Kc6 46. Be7 Bc5 47. Bg5 Kd6 48. Bf6 Ke6 49. Bd8 Kd7 50. Bf6 Bd6 51. Bd4 Bxf4 52. Bxb6 Bc7 53. Bxc7 Kxc7 54. Ke3 g5 55. Kf3 h5 56. Kg3 h4+ 57. Kf3 Kc6 58. Ke3 Kc5 59. Kf2 g4 60. hxg4 fxg4 61. Ke3 h3 62. Kf2 h2 63. Kg2 g3 64. Kh1 Kd4 65. Kg2 Ke3 0-1

[Event "Corr"]
[Site "?"]
[Date "2000.06.20"]
[Round "?"]
[White "Radomskyj Peter (USA)"]
[Black "Bloodgood Claude F. (USA)"]
[Result "1-0"]
[WhiteElo "2178"]
[BlackElo "2037"]
[PlyCount "45"]
[EventDate "2000.??.??"]
[Source "www.chesslib.no"]
[SourceDate "2004.05.04"]

1. d4 f5 2. c4 e6 3. e3 Nf6 4. Bd3 d5 5. Nc3 c6 6. Nf3 Bb4 7. a3 Bxc3+ 8. bxc3 O-O 9. O-O Ne4 10. Qc2 Nd7 11. a4 dxc4 12. Bxc4 Ndf6 13. Ne5 Nd5 14. f3 Nd6 15. Bd3 Qf6 16. e4 Nb4 17. cxb4 Qd8 18. Bb2 Qg5 19. Rae1 h5 20. Nc4 Nxc4 21. Bxc4 Bd7 22. exf5 Rxf5 23. Rxe6 1-0

[Event "Troisdorf"]
[Site "?"]
[Date "2004.12.14"]
[Round "7.1"]
[White "Vossen Klaus"]
[Black "Kolkin Michail"]
[Result "1-0"]
[WhiteElo "2065"]
[BlackElo "2145"]
[PlyCount "61"]
[EventDate "2004.??.??"]
[Source "www.chesslib.no"]
[SourceDate "2004.05.04"]

1. d4 f5 2. c4 e6 3. Nf3 Nf6 4. Bg5 d5 5. e3 c6 6. Nc3 Be7 7. Be2 O-O 8. Qc2 Nbd7 9. O-O Ne4 10. Bxe7 Qxe7 11. Rab1 Ndf6 12. b4 Bd7 13. Nd1 Rac8 14. Ne5 b6 15. c5 bxc5 16. bxc5 Rb8 17. Nb2 Qd8 18. f3 Ng5 19. Qa4 Qc7 20. Nbd3 Nf7 21. Nb4 Rbc8 22. Na6 Qd8 23. Rb7 Be8 24. Nd3 Nd7 25. f4 Nf6 26. Rxa7 Ne4 27. Nab4 Bd7 28. Bh5 Nd2 29. Bxf7+ Rxf7 30. Ne5 Re7 31. Rd1 1-0

[Event "Sofia Hemus (7eme open)"]
[Site "?"]
[Date "2004.06.20"]
[Round "5.8"]
[White "Vasilev Rosen"]
[Black "Evstatiev Georgi"]
[Result "0-1"]
[WhiteElo "2005"]
[BlackElo "2195"]
[PlyCount "54"]
[EventDate "2004.??.??"]
[Source "www.chesslib.no"]
[SourceDate "2004.05.04"]

1. d4 f5 2. c4 e6 3. g3 Nf6 4. Nc3 d5 5. cxd5 exd5 6. Nf3 c6 7. Bg2 Bd6 8. O-O O-O 9. Nh4 f4 10. e3 g5 11. exf4 gxh4 12. Bf3 Kh8 13. Kh1 Rg8 14. Rg1 Ng4 15. Qc2 Qf6 16. h3 hxg3 17. fxg3 Qh6 18. Qg2 Qxh3+ 19. Qxh3 Nf2+ 20. Kg2 Nxh3 21. Rh1 Nxf4+ 22. Kf1 Rxg3 23. Kf2 Nd3+ 24. Ke2 Nxc1+ 25. Raxc1 Bg4 26. Bxg4 Rxg4 27. Rh5 Nd7 0-1

[Event "SVK Ch women"]
[Site "Martin"]
[Date "1994.??.??"]
[Round "3"]
[White "Sedlakova, Ivana"]
[Black "Mudrochova, Helena"]
[Result "0-1"]
[WhiteElo "2020"]
[BlackElo "2130"]
[PlyCount "74"]
[EventDate "1994.??.??"]
[Source "www.chesslib.no"]
[SourceDate "2004.05.04"]

1. d4 f5 2. c4 e6 3. g3 g6 4. Bg2 Bg7 5. b3 e5 6. e3 c6 7. Ne2 e4 8. h4 Na6 9. Nbc3 Nb4 10. Nf4 d6 11. a3 Na6 12. Bb2 Ne7 13. Qc2 Bd7 14. O-O-O b5 15. f3 b4 16. Nce2 d5 17. a4 Nc7 18. c5 a5 19. h5 g5 20. h6 Bf8 21. Nh5 Ng6 22. Rdf1 exf3 23. Rxf3 g4 24. Rxf5 Bxf5 25. Qxf5 Qe7 26. Nf6+ Kd8 27. e4 Ra7 28. e5 Qe6 29. Qxg4 Qxg4 30. Nxg4 Ne6 31. Kc2 Rf7 32. Bc1 Ne7 33. Kd3 Rg8 34. Nf6 Rg6 35. Nf4 Rxg3+ 36. Ke2 Nxf4+ 37. Bxf4 Rxg2+ 0-1

[Event "Prague CZE"]
[Site "?"]
[Date "2005.07.07"]
[Round "6"]
[White "Tejkal Jiri"]
[Black "Urbanek Stepan"]
[Result "1/2-1/2"]
[WhiteElo "2033"]
[BlackElo "2110"]
[PlyCount "70"]
[EventDate "2005.??.??"]
[Source "www.chesslib.no"]
[SourceDate "2004.05.04"]

1. d4 f5 2. c4 e6 3. Nf3 Nf6 4. g3 d5 5. cxd5 exd5 6. Bg2 Bd6 7. Bg5 c6 8. O-O O-O 9. e3 Be6 10. Qc2 Qe8 11. Nbd2 Nbd7 12. Bf4 Ne4 13. Bxd6 Nxd6 14. Ne5 Nf6 15. Ndf3 Nfe4 16. Nd3 g5 17. Nfe5 f4 18. exf4 Nf5 19. fxg5 Nxd4 20. Qd1 Nxg5 21. f4 Ne4 22. Nf2 Nxf2 23. Qxd4 Ne4 24. Rae1 Qh5 25. Nd3 Bh3 26. Bxh3 Qxh3 27. Nf2 Nxf2 28. Rxf2 Rae8 29. Rfe2 Qh5 30. Re7 Rxe7 31. Rxe7 Rf7 32. Re5 Rf5 33. Re7 Rf7 34. Re5 Rf5 35. Re7 Rf7 1/2-1/2

[Event "Santiago Mayor CALF"]
[Site "?"]
[Date "2004.08.28"]
[Round "2.3"]
[White "Labra Martin"]
[Black "Morales Mauricio"]
[Result "1-0"]
[WhiteElo "2127"]
[BlackElo "2007"]
[PlyCount "42"]
[EventDate "2004.??.??"]
[Source "www.chesslib.no"]
[SourceDate "2004.05.04"]

1. d4 f5 2. c4 e6 3. g3 d5 4. Bg2 c6 5. b3 Nf6 6. Nf3 Be7 7. O-O Nbd7 8. a4 Ne4 9. Qc2 O-O 10. Ba3 h6 11. Bxe7 Qxe7 12. Nbd2 Qf6 13. e3 g5 14. Nxe4 fxe4 15. Nd2 g4 16. Qd1 Qg6 17. h3 h5 18. Nb1 Nf6 19. h4 Ne8 20. Nc3 Nd6 21. c5 Nf7 1-0

[Event "Camp. Commonwealth 2008"]
[Site "Nagpur IND"]
[Date "2008.10.03"]
[Round "8"]
[White "Shubham, L."]
[Black "Thipsay, B."]
[Result "0-1"]
[WhiteElo "1885"]
[BlackElo "2195"]
[PlyCount "104"]
[EventDate "2008.09.28"]
[Source "www.chesslib.no"]
[SourceDate "2004.05.04"]

1. d4 f5 2. c4 e6 3. Nc3 Bb4 4. Nf3 b6 5. Bf4 Nf6 6. Nd2 O-O 7. f3 Bb7 8. Qc2 d6 9. e3 Qe7 10. O-O-O Bxc3 11. Qxc3 Nbd7 12. Bd3 e5 13. Bg5 e4 14. Bb1 d5 15. Rdf1 Qe6 16. g4 fxg4 17. fxe4 Nxe4 18. Nxe4 dxe4 19. d5 Qe5 20. Qxe5 Nxe5 21. b3 b5 22. Bf4 Rae8 23. Bxe5 Rxe5 24. Rxf8+ Kxf8 25. Rf1+ Ke7 26. Kd2 bxc4 27. bxc4 Ba6 28. Kc3 Rxd5 29. Rf4 Rh5 30. Rxg4 g5 31. Bxe4 Kf6 32. Rg2 Rh4 33. Bd3 Bc8 34. Rb2 h6 35. Rf2+ Ke7 36. a3 Be6 37. Rb2 Kd6 38. Rd2 Kc5 39. Rf2 Rh3 40. e4 Kd6 41. Kd4 c5+ 42. Kc3 Ke5 43. a4 Bg4 44. Rb2 Bf3 45. Rb7 Be2 46. Rd7 Bxd3 47. Rxd3 Rxd3+ 48. Kxd3 g4 49. Ke3 a5 50. Kf2 Kxe4 51. Kg3 Kd4 52. Kxg4 Kxc4 0-1

[Event "Salon De Provence FRA"]
[Site "?"]
[Date "2006.04.26"]
[Round "4.4"]
[White "De Laubadere Philippe"]
[Black "Donskoi Karel"]
[Result "1/2-1/2"]
[WhiteElo "1997"]
[BlackElo "2034"]
[PlyCount "130"]
[EventDate "2006.??.??"]
[Source "www.chesslib.no"]
[SourceDate "2004.05.04"]

1. d4 f5 2. c4 e6 3. Nf3 Nf6 4. Qc2 Be7 5. Bf4 O-O 6. Nc3 b6 7. e3 Bb7 8. Bd3 h6 9. h3 d6 10. Bh2 c5 11. Rg1 Nc6 12. a3 Na5 13. O-O-O cxd4 14. Nxd4 Qc8 15. Ncb5 Ne8 16. b4 Nc6 17. Nxc6 Bxc6 18. Nd4 Bd7 19. g4 fxg4 20. hxg4 a5 21. b5 Qc5 22. a4 Qa3+ 23. Kb1 Bf6 24. Qb3 Qxb3+ 25. Nxb3 Bh4 26. Be4 Rc8 27. Bxd6 Nxd6 28. Rxd6 Rxc4 29. f3 Bc8 30. Rd4 Rc3 31. Nd2 Bf2 32. Rd1 Bxe3 33. Rd6 Bc5 34. Kb2 Bxd6 35. Kxc3 Bb4+ 36. Kc2 Rd8 37. Nc4 Rxd1 38. Kxd1 Bc5 39. Ke2 Kf7 40. Bc6 Kf6 41. Kd3 g6 42. Ke4 h5 43. gxh5 gxh5 44. Ne5 Bd6 45. Nd7+ Bxd7 46. Bxd7 h4 47. f4 h3 48. Bc6 h2 49. Ke3 Kf5 50. Be4+ Kg4 51. f5 exf5 52. Bh1 Kg3 53. Bf3 Bc5+ 54. Ke2 Kf4 55. Bh1 Ke5 56. Kd3 Bg1 57. Bc6 Kf4 58. Ke2 Kg3 59. Bh1 Kf4 60. Bc6 Ke5 61. Kd3 f4 62. Bf3 Kf5 63. Ke2 Bc5 64. Bc6 Ke5 65. Kd3 Bg1 1/2-1/2